000 00905nam a2200241 i 4500
001 125183
003 ES-MaACL
005 20230906192555.0
007 t|
008 070507s1930 sp ||||1| spa d
080 _a86-221"19"
100 1 _aMillán Astray, Pilar,
_d1879-1949
_981141
245 1 3 _aEl millonario y la bailarina
_b: comedia en tres actos /
_cPilar Millán Astray ; dibujos de Almada.
260 _aMadrid :
_bRivadeneyra,
_c1930.
300 _a63 p. ;
_c17 cm.
490 1 _aLa Farsa ;
_v143
500 _aEstrenada en Barcelona, 19 de Julio de 1929, y en Madrid el día 25 de Abril de 1930, en el teatro Infanta Isabel.
500 _aCubierta de este número: Angelina Vilar en El millonario y la bailarina.
700 1 _aAlmada Negreiros, José de.
_920067
830 0 _aLa Farsa ;
_v143
_9185863
852 _aES-MaACL
_j2222-F-10
_bR.140727
999 _c125183
_d125183